Cementári nevyužili zaváhanie lídra Žiar - St. Ľubovňa 5:0 (1:0)

Bibliographic Details
Main Authors: Greguš, J. (Author), Petruška, Jozef (Author, Photographer)
Format: Article
Language:Slovak
PhysicalDescription:Fotogr., tab.
ISSN:1335-7573
Subjects:

MARC

LEADER 00000nab a2200000 ar4500
001 vtls008955914
003 SK-MaSNL
005 20260303070353.0
008 171110c20060911xo dr|n|||||||000 b|slo
015 |a SLLK2006  |2 sllk 
038 |a SLLK 
040 |a SLLK  |b slo  |c sllk  |e AACR2 
041 0 |a slo 
044 |a xo  |c SK 
080 |a 796.332  |2 1997 
100 1 |a Greguš, J.  |4 aut  |9 1067705 
245 1 0 |a Cementári nevyužili zaváhanie lídra  |b Žiar - St. Ľubovňa 5:0 (1:0)  |c J. Greguš ; foto: Jozef Petruška 
300 |b Fotogr., tab. 
610 2 7 |a Mestský futbalový klub Stará Ľubovňa  |2 snkbucl  |9 1031864 
648 7 |a 2006  |2 snkbucl  |9 313148 
650 0 7 |a šport  |2 snkbucl  |9 1042 
650 0 7 |a futbal  |x 2. liga Východ  |x muži  |y sezóna 2006/2007  |2 snkbucl  |9 1032832 
651 7 |a Stará Ľubovňa (Slovensko)  |2 snkbucl  |9 19193 
651 7 |a Žiar nad Hronom (Slovensko)  |2 snkbucl  |9 24090 
700 1 |a Petruška, Jozef  |4 pht  |4 aut  |9 1021831 
773 0 |t Tatranský denník Korzár  |g Roč. VIII, č. 209 (11. 9.2006)  |x 1335-7573 
773 0 |i Pril.  |t Šport pre východniarov  |g s. 5 
852 |a SLLK  |b KIS3GCP 
999 |c 1755063  |d 1756993